La producción de hortalizas de México y el tratado de libre comercio con EUA y Canadá / Manuel Ángel Gómez Cruz, Rita Schwentesius Rinderman y Alejandro Merino Sepulveda (Record no. 209464)
[ view plain ]
| 000 -CABECERA | |
|---|---|
| campo de control de longitud fija | 00955nam a2200241Ia 4500 |
| 001 - NÚMERO DE CONTROL | |
| campo de control | dia_4139 |
| 003 - IDENTIFICADOR DEL NÚMERO DE CONTROL | |
| campo de control | CHAP |
| 005 - FECHA Y HORA DE LA ÚLTIMA TRANSACCIÓN | |
| campo de control | 20251014144002.0 |
| 008 - DATOS DE LONGITUD FIJA--INFORMACIÓN GENERAL | |
| campo de control de longitud fija | 220601s9999 xx 000 0 und d |
| 040 ## - FUENTE DE LA CATALOGACIÓN | |
| Centro catalogador/agencia de origen | mxchpua |
| Normas de descripción | rda |
| 090 ## - LOCALMENTE ASIGNADO TIPO-LC NÚMERO DE CLASIFICACIÓN (OCLC); NÚMERO DE CLASIFICACIÓN LOCAL (RLIN) | |
| Número de clasificación (OCLC) (R) ; Numero de clasificación, CALL (RLIN) (NR) | FOLLETO 2479 |
| 100 1# - ENTRADA PRINCIPAL--NOMBRE DE PERSONA | |
| Nombre de persona | Gómez Cruz, Manuel Ángel |
| 9 (RLIN) | 49661 |
| 245 ## - MENCIÓN DE TÍTULO | |
| Título | La producción de hortalizas de México y el tratado de libre comercio con EUA y Canadá / Manuel Ángel Gómez Cruz, Rita Schwentesius Rinderman y Alejandro Merino Sepulveda |
| 260 ## - PUBLICACIÓN, DISTRIBUCIÓN, ETC. | |
| Lugar de publicación, distribución, etc. | Chapingo, México : UACh, Centro de Investigaciones Economicas, Sociales y Tecnológicas |
| 300 ## - DESCRIPCIÓN FÍSICA | |
| Extensión | 19 p. |
| 500 ## - NOTA GENERAL | |
| Nota general | S/c (Reporte de investigación, 6) |
| 650 ## - PUNTO DE ACCESO ADICIONAL DE MATERIA--TÉRMINO DE MATERIA | |
| Término de materia o nombre geográfico como elemento de entrada | 1. Hortalizas2. Tratado de libre comercio |
| 9 (RLIN) | 176001 |
| 700 ## - PUNTO DE ACCESO ADICIONAL--NOMBRE DE PERSONA | |
| Nombre de persona | Schwentesius Rinderman, Rita y Merino Sepulveda, AlejandroÌ |
| 9 (RLIN) | 176002 |
| 901 ## - ELEMENTOS DE DATOS A LOCAL LDA (RLIN) | |
| a | FOLLETO 2479 |
| 902 ## - ELEMENTOS DE DATOS B LOCAL, LDB (RLIN) | |
| a | M |
| 905 ## - ELEMENTOS DE DATOS E LOCAL, LDE (RLIN) | |
| a | 0000001991 mx A 0000000000spa00 |
| 942 ## - ELEMENTOS DE PUNTO DE ACCESO ADICIONAL (KOHA) | |
| Tipo de ítem Koha | Folleto |
| Fuente del sistema de clasificación o colocación | Clasificación Universidad Autónoma de Chapingo |
| Estado de retiro | Estado de pérdida | Fuente del sistema de clasificación o colocación | Estado dañado | No para préstamo | Localización permanente | Ubicación/localización actual | Fecha de adquisición | Total de préstamos | Código de barras | Fecha visto por última vez | Número de copia | Precio válido a partir de | Tipo de ítem Koha |
|---|---|---|---|---|---|---|---|---|---|---|---|---|---|
| Clasificación Universidad Autónoma de Chapingo | Ingenieria Agroindustrial | Ingenieria Agroindustrial | 01/06/2022 | dia_FOLLETO 2479 | 01/06/2022 | 2 | 01/06/2022 | Folleto |
